Netflix series 13 reasons why - Statistics

General Stats
  • This quiz has been taken 191 times
    187 since last reset
  • The average score is 13 of 21
Answer Stats
Question Answer % Correct
The first season is about whose death? Hannah
100%
At the end of the first season, who shot himself in the head? Alex
91%
Who is adopted by the Jensen family? Justin
88%
What is the name of ''the office''? Monet's
85%
What school do all the main characters in the series study? Liberty
76%
What is the name of Liberty High's basketball team? Tigers
76%
Who helps Alex recover after he shot himself? Zach
73%
In the final season, Justin passes away due to which illness? AIDS
70%
Who killed Bryce Walker? Alex
70%
Tony goes to prom with whom? Caleb
67%
Who win the prom royalty? Alex and Charlie
61%
In the final season, who does Alex date? Charlie
61%
Who is on the tapes twice? Justin
61%
Alex and Charlie visit Justin in the hospital and bring him a ? Teddy bear
58%
Who is the only 'best friend' of Hannah? Kat
55%
What did Hannah and Courtney drink when Hannah's parents went out? Red wine
52%
Sheri crashes into a stop sign while finding what? Charger
48%
How many persons are the reasons why Hannah took her life? 12
33%
Who goes to prom with Jessica? Ani
24%
How many students have died throughout the series? 5
18%
Who was the guidance counselor for both Hannah and Jessica during the time just prior to the start of the class year? Ms Antilly
18%
No matching quizzes found
Score Distribution
Percent of People with Each Score
Percentile by Number Answered
Your Score History
You have not taken this quiz since the last reset